00665nam a2200229 a 4500001001300000003000900013005001700022008004100039020001000080082001300090100001700103245002500120260003800145300000900183500003500192505004700227700001700274902000800291942000700299952011400306999001500420nice12345678IN_TiNIC20260116012807.0050524s0000 laha grp 000 0 urd  ac10000a201bCAM aCambel, Arcj aKorea Ka Zinda Masih aLahorebMasihi Ishaat Khanac0000 a160p aincludes index and biblioraphy2 aFoot notes by Maulana Maulvi Ilahi Bakhsh.1 aCambel, Arcj bSRS cBK 001040708StackRoom-aHMIbHMId2007-03-19g100.00l0o201 CAMp011732r2007-03-19v100.00w2005-05-24yBK c8397d8397